[Event "Kaluga Tsiolkovsky Memorial op"]
[Site "Kaluga"]
[Date "2014.08.08"]
[Round "7"]
[White "Litvinov, Boris"]
[Black "Tolkachev, Grigory"]
[Result "0-1"]
[WhiteElo "1929"]
[BlackElo "1712"]
[PlyCount "50"]
[EventDate "2014.08.02"]
[EventType "swiss"]
[EventRounds "8"]
[EventCountry "RUS"]
[SourceTitle "EXT 2023"]
[Source "ChessBase"]
[SourceDate "2022.10.05"]
[SourceVersion "1"]
[SourceVersionDate "2022.10.05"]
[SourceQuality "1"]

1. e4 c5 2. Nc3 d6 3. f4 a6 4. a4 b6 5. Nf3 Bb7 6. Bc4 e6 7. d3 Nf6 8. 0-0 Be7 9. Qe1 0-0 10. Bd2 Nc6 11. e5 Nd7 12. exd6 Bxd6 13. Ne4 Be7 14. Bc3 Nf6 15. Qg3 Nd4 16. Nxd4 cxd4 17. Nxf6+ Bxf6 18. Bb4 Re8 19. Rfe1 Bh4 20. Qg4 Bxe1 21. Rxe1 Rc8 22. h3 Qd7 23. Qh5 Qxa4 24. Bd6 Qc6 25. Qf3 Qd7 0-1

[Event "Kaluga Tsiolkovsky Memorial op"]
[Site "Kaluga"]
[Date "2014.08.05"]
[Round "4"]
[White "Sidorov, Klim"]
[Black "Litvinov, Boris"]
[Result "1-0"]
[WhiteElo "2021"]
[BlackElo "1929"]
[PlyCount "99"]
[EventDate "2014.08.02"]
[EventType "swiss"]
[EventRounds "8"]
[EventCountry "RUS"]
[SourceTitle "EXT 2023"]
[Source "ChessBase"]
[SourceDate "2022.10.05"]
[SourceVersion "1"]
[SourceVersionDate "2022.10.05"]
[SourceQuality "1"]

1. d4 d6 2. Nf3 g6 3. c3 Bg7 4. h4 Nf6 5. Bg5 Ne4 6. Nbd2 Nxg5 7. hxg5 e5 8. dxe5 dxe5 9. e4 a6 10. Bc4 Qe7 11. Qe2 Nd7 12. a4 a5 13. Qe3 Nc5 14. Nb3 Nxb3 15. Bxb3 Be6 16. Bxe6 Qxe6 17. Rd1 Bf8 18. Qd3 Bd6 19. Qb5+ Qd7 20. Qxd7+ Kxd7 21. Nxe5+ Ke6 22. Nd3 b6 23. Kd2 Rad8 24. Kc2 f6 25. gxf6 Kxf6 26. f4 Kg7 27. e5 Be7 28. g4 Rhf8 29. Rhf1 Rh8 30. f5 Bg5 31. Nf4 Bxf4 32. Rxd8 Rxd8 33. Rxf4 Rf8 34. Kd3 h5 35. f6+ Kf7 36. gxh5 gxh5 37. Ke4 Ke6 38. Rf5 Rh8 39. f7 Rf8 40. Rxh5 Rxf7 41. Rh6+ Ke7 42. Kd5 Rg7 43. b3 Rg3 44. Rh7+ Kd8 45. Ke6 Rg6+ 46. Kf7 Rg3 47. Rh8+ Kd7 48. e6+ Kc6 49. e7 Rf3+ 50. Kg6 1-0

[Event "Kaluga Tsiolkovsky Memorial op"]
[Site "Kaluga"]
[Date "2013.08.06"]
[Round "4"]
[White "Baroyan, Karen"]
[Black "Litvinov, Boris"]
[Result "1-0"]
[WhiteElo "1792"]
[BlackElo "1949"]
[PlyCount "89"]
[EventDate "2013.08.03"]
[EventType "swiss"]
[EventRounds "9"]
[EventCountry "RUS"]
[SourceTitle "CBM 156 Extra"]
[Source "ChessBase"]
[SourceDate "2013.10.22"]
[SourceVersion "1"]
[SourceVersionDate "2013.10.22"]
[SourceQuality "1"]

1. d4 d6 2. Nf3 g6 3. c4 Bg7 4. Nc3 Nd7 5. e4 e5 6. Be3 Nh6 7. dxe5 Nxe5 8. Nxe5 dxe5 9. Qxd8+ Kxd8 10. 0-0-0+ Bd7 11. Be2 c6 12. Rd6 Kc7 13. Rhd1 Be6 14. h3 b6 15. f4 Bf8 16. fxe5 Ng8 17. R6d2 Be7 18. Nd5+ Kb7 19. Nxe7 Nxe7 20. Rd7+ Bxd7 21. Rxd7+ Ka6 22. Rxe7 Rhe8 23. Rxf7 Rxe5 24. Bf3 Rd8 25. Kc2 c5 26. Rxh7 Re6 27. e5 Rxe5 28. Bb7+ Ka5 29. Bd2+ Rxd2+ 30. Kxd2 Kb4 31. Bd5 a6 32. Rb7 b5 33. Bg8 Rf5 34. a3+ Ka5 35. Rf7 Rg5 36. Rf2 Rg3 37. cxb5 axb5 38. Bd5 c4 39. Kc2 Re3 40. Bf3 b4 41. axb4+ Kxb4 42. Re2 Rd3 43. Re4 Kc5 44. Rxc4+ Kxc4 45. Be2 1-0

[Event "Kaluga Tsiolkovsky Memorial op"]
[Site "Kaluga"]
[Date "2013.08.05"]
[Round "3"]
[White "Litvinov, Boris"]
[Black "Popelyshev, Igor Viktorovich"]
[Result "0-1"]
[WhiteElo "1949"]
[BlackElo "2111"]
[PlyCount "52"]
[EventDate "2013.08.03"]
[EventType "swiss"]
[EventRounds "9"]
[EventCountry "RUS"]
[SourceTitle "CBM 156 Extra"]
[Source "ChessBase"]
[SourceDate "2013.10.22"]
[SourceVersion "1"]
[SourceVersionDate "2013.10.22"]
[SourceQuality "1"]

1. e4 c6 2. d3 d5 3. Nd2 e5 4. g3 Nf6 5. Bg2 Bd6 6. Ngf3 h6 7. 0-0 0-0 8. Re1 Re8 9. Nf1 d4 10. c4 a5 11. Bd2 Na6 12. Nh4 Bb4 13. Nf5 Nc5 14. Bxb4 axb4 15. f4 exf4 16. gxf4 Bxf5 17. exf5 Rxe1 18. Qxe1 b3 19. a3 Nxd3 20. Qd2 Nc5 21. Re1 Qd6 22. Re5 Rd8 23. Qe2 d3 24. Qe3 d2 25. Nxd2 Qxd2 26. Qxc5 Qxb2 0-1

[Event "Kaluga Tsiolkovsky Memorial op"]
[Site "Kaluga"]
[Date "2012.08.01"]
[Round "3"]
[White "Litvinov, Boris"]
[Black "Grishin, Grigory G"]
[Result "0-1"]
[WhiteElo "1964"]
[BlackElo "2250"]
[PlyCount "64"]
[EventDate "2012.07.30"]
[EventType "swiss"]
[EventRounds "9"]
[EventCountry "RUS"]
[SourceTitle "EXT 2014"]
[Source "ChessBase"]
[SourceDate "2013.11.20"]
[SourceVersion "1"]
[SourceVersionDate "2013.11.20"]
[SourceQuality "1"]

1. e4 e6 2. d3 d5 3. Nd2 c5 4. Ngf3 Nc6 5. g3 g6 6. Bg2 Bg7 7. 0-0 Nge7 8. c3 0-0 9. Qc2 h6 10. Re1 Rb8 11. Nf1 d4 12. c4 e5 13. Bd2 Be6 14. h4 f5 15. exf5 gxf5 16. Nxe5 Nxe5 17. Bxh6 Bxh6 18. Rxe5 Bf7 19. Rae1 Re8 20. Rxc5 Bg7 21. Nh2 a6 22. Nf3 b6 23. Rce5 Bxe5 24. Rxe5 Qd6 25. Qd2 Qf6 26. Qf4 Ng6 27. Qxf5 Kg7 28. Qxf6+ Kxf6 29. Rxe8 Rxe8 30. Kf1 Ne5 31. Nxe5 Rxe5 32. Be4 Bxc4 0-1